Subdivision capitals closest to Salgótarján (HU) - Statistics

General Stats
  • This quiz has been taken 12 times
  • The average score is 14 of 20
Answer Stats
Distance (km) Answer % Correct
4 88 Budapest
100%
14 150 Debrecen
100%
3 85 Banská Bystrica
80%
19 186 Békéscsaba
80%
17 169 Győr
80%
9 133 Kecskemét
80%
7 127 Košice
80%
2 73 Miskolc
80%
11 145 Prešov
80%
5 107 Szolnok
80%
16 167 Trnava
80%
1 48 Eger
60%
8 130 Nitra
60%
10 143 Nyíregyháza
60%
12 146 Székesfehérvár
60%
6 121 Tatabánya
60%
15 157 Trenčín
60%
18 182 Veszprém
60%
13 147 Žilina
60%
20 193 Užgorod
40%
No matching quizzes found
Score Distribution
Percent of People with Each Score
Percentile by Number Answered
Your Score History
You have not taken this quiz